Thảm án các công thần khai quốc đời Lê
Gorde:
| Formatua: | Liburua |
|---|---|
| Argitaratua: |
H
Đ Nẵng
2005
|
| Etiketak: |
Etiketa erantsi
Etiketarik gabe, Izan zaitez lehena erregistro honi etiketa jartzen!
|
| Thư viện lưu trữ: | Mạng thư viện Đại học Đà Nẵng |
|---|
| LEADER | 00512aam a22002058a 4500 | ||
|---|---|---|---|
| 001 | 000009821 | ||
| 003 | 6019 | ||
| 005 | 20111103091130.0 | ||
| 008 | 111103s2005 sd | ||
| 020 | |c 48 |d 2 | ||
| 245 | |a Thảm án các công thần khai quốc đời Lê | ||
| 260 | |a H |b Đ Nẵng |c 2005 | ||
| OWN | |a LSP | ||
| 999 | |a From the UDN01 | ||
| TYP | |a Monograph | ||
| TYP | |a Printed language | ||
| 980 | |a Mạng thư viện Đại học Đà Nẵng | ||